LEADER 03720oam 2200793I 450 001 9910450431503321 005 20200520144314.0 010 $a1-134-70886-6 010 $a1-280-13773-8 010 $a0-203-97364-X 024 7 $a10.4324/9780203973646 035 $a(CKB)1000000000248373 035 $a(EBL)240190 035 $a(OCoLC)793165319 035 $a(SSID)ssj0000118620 035 $a(PQKBManifestationID)11146123 035 $a(PQKBTitleCode)TC0000118620 035 $a(PQKBWorkID)10054362 035 $a(PQKB)11575149 035 $a(MiAaPQ)EBC240190 035 $a(Au-PeEL)EBL240190 035 $a(CaPaEBR)ebr10095784 035 $a(CaONFJC)MIL13773 035 $a(OCoLC)264449999 035 $a(EXLCZ)991000000000248373 100 $a20180331d1997 uy 0 101 0 $aeng 135 $aurcn||||||||| 181 $ctxt 182 $cc 183 $acr 200 10$aCastles in Ireland $efeudal power in a Gaelic world /$fTom McNeill 210 1$aLondon ;$aNew York :$cRoutledge,$d1997. 215 $a1 online resource (277 p.) 300 $aDescription based upon print version of record. 311 $a0-415-22853-0 311 $a0-415-16537-7 320 $aIncludes bibliographical references (p. 247-253) and index. 327 $aCONTENTS; List of illustrations; Preface; Introduction; PART I: EARLY CASTLES: TO c. 1225; 1 Before 1166; 2 Early castles of stone; 3 Early castles of earth and timber; 4 Castles and the establishing of English lordships in Ireland; PART II: FROM THE EARLY THIRTEENTH TO THE MID- FOURTEENTH CENTURY; 5 The central period of English lordship; 6 Castles in the English fashion; 7 Castles in a divergent tradition; 8 Lesser stone castles; 9 Castles of the Irish; 10 Summary; PART III: CASTLES OF THE LATER MIDDLE AGES; 11 The fourteenth century; 12 Enclosure castles of the later middle ages 327 $a13 Tower-houses: dates and distribution14 Tower-houses: structure and use; 15 The later middle ages and the end of castles in Ireland; Epilogue; Gazetteer of selected castles; Glossary; Bibliography; Index 330 $aThe castles of Ireland are an essential part of the story of medieval Europe, but were, until recently, a subject neglected by scholars. A lord's power and prestige was displayed in the majesty and uniqueness of his castle. The remains of several thousand castles enable us to reconstruct life in Ireland during these crucial centuries. Castles in Ireland tells the story of the nature and development of lordship and power in medieval Ireland. Ireland formed the setting to the interplay of the differing roles of competing lordships: English and Irish; feudal European and Gaelic; royal 606 $aPower (Social sciences)$zIreland$xHistory 606 $aSocial history$yMedieval, 500-1500 606 $aMilitary history, Medieval 606 $aFeudalism$zIreland$xHistory 606 $aCastles$zIreland$xHistory 606 $aBritish$zIreland$xHistory 606 $aCivilization, Celtic 606 $aArchitecture, Medieval$zIreland 607 $aIreland$xHistory$y1172-1603 608 $aElectronic books. 615 0$aPower (Social sciences)$xHistory. 615 0$aSocial history 615 0$aMilitary history, Medieval. 615 0$aFeudalism$xHistory. 615 0$aCastles$xHistory. 615 0$aBritish$xHistory. 615 0$aCivilization, Celtic. 615 0$aArchitecture, Medieval 676 $a941.5 676 $a941.503 700 $aMcNeill$b T. E.$0917319 801 0$bMiAaPQ 801 1$bMiAaPQ 801 2$bMiAaPQ 906 $aBOOK 912 $a9910450431503321 996 $aCastles in Ireland$92056656 997 $aUNINA LEADER 02210oam 2200541M 450 001 9910715665103321 005 20191121065736.6 035 $a(CKB)5470000002513412 035 $a(OCoLC)1065866322 035 $a(OCoLC)995470000002513412 035 $a(EXLCZ)995470000002513412 100 $a20070221d1839 ua 0 101 0 $aeng 135 $aurcn||||||||| 181 $ctxt$2rdacontent 182 $cc$2rdamedia 183 $acr$2rdacarrier 200 10$aDue from late deposite banks, &c. Letter from the Secretary of the Treasury, transmitting the information required by a resolution of the House of Representatives of the 31st ultimo, in relation to the amounts due from the late deposite banks, &c. January 9, 1839. Read, and laid upon the table 210 1$a[Washington, D.C.] :$c[publisher not identified],$d1839. 215 $a1 online resource (5 pages) $ctables 225 1 $aHouse document / 25th Congress, 3rd session. House ;$vno. 66 225 1 $a[United States congressional serial set ] ;$v[serial no. 346] 300 $aBatch processed record: Metadata reviewed, not verified. Some fields updated by batch processes. 300 $aFDLP item number not assigned. 606 $aBank deposits 606 $aBanks and banking 606 $aPublic depositaries 606 $aGovernment securities 606 $aFinance, Public 606 $aSpecies 606 $aMoney 608 $aLegislative materials.$2lcgft 615 0$aBank deposits. 615 0$aBanks and banking. 615 0$aPublic depositaries. 615 0$aGovernment securities. 615 0$aFinance, Public. 615 0$aSpecies. 615 0$aMoney. 712 02$aUnited States.$bDepartment of the Treasury. 801 0$bWYU 801 1$bWYU 801 2$bOCLCO 801 2$bOCLCQ 906 $aBOOK 912 $a9910715665103321 996 $aDue from late deposite banks, &c. Letter from the Secretary of the Treasury, transmitting the information required by a resolution of the House of Representatives of the 31st ultimo, in relation to the amounts due from the late deposite banks, &c. January 9, 1839. Read, and laid upon the table$93455461 997 $aUNINA